Catálogo público

Recuperación de la flora láctica nativa y su aplicación de queso chapingo / (Record no. 175286)

MARC details
000 -CABECERA
campo de control de longitud fija 04629nam a2200433 a 4500
001 - NÚMERO DE CONTROL
campo de control dia_4618
003 - IDENTIFICADOR DEL NÚMERO DE CONTROL
campo de control CHAP
005 - FECHA Y HORA DE LA ÚLTIMA TRANSACCIÓN
campo de control 20241028102531.0
007 - CAMPO FIJO DE DESCRIPCIÓN FÍSICA--INFORMACIÓN GENERAL
campo de control de longitud fija ta
008 - DATOS DE LONGITUD FIJA--INFORMACIÓN GENERAL
campo de control de longitud fija 220117s2010 mx ado frm 001 0 spa d
010 ## - NÚMERO DE CONTROL DE LA BIBLIOTECA DEL CONGRESO
Número de control de LC 175286
040 ## - FUENTE DE LA CATALOGACIÓN
Centro catalogador/agencia de origen mxchpua
Centro/agencia transcriptor CHAP
041 0# - CÓDIGO DE LENGUA
Código de lengua del texto/banda sonora o título independiente spa
Código de lengua del sumario o resumen eng
090 ## - LOCALMENTE ASIGNADO TIPO-LC NÚMERO DE CLASIFICACIÓN (OCLC); NÚMERO DE CLASIFICACIÓN LOCAL (RLIN)
Número de clasificación (OCLC) (R) ; Numero de clasificación, CALL (RLIN) (NR) Tesis
Número cutter local (OCLC) ; Número de libro/Signatura topográfica íntegra, CALL (RLIN) O86
año 2010
100 1# - ENTRADA PRINCIPAL--NOMBRE DE PERSONA
Nombre de persona Osorio Cruz, Ricardo
240 10 - TÍTULO UNIFORME
Título uniforme Recovery of the lactic native flora and his application in the production of cheese chapingo .
Lenguaje de la obra Español
245 10 - MENCIÓN DE TÍTULO
Título Recuperación de la flora láctica nativa y su aplicación de queso chapingo /
Mención de responsabilidad, etc. Ricardo Osorio Cruz
264 ## - PRODUCCIÓN, PUBLICACIÓN, DISTRIBUCIÓN, FABRICACIÓN Y COPYRIGHT
Producción, publicación, distribución, fabricación y copyright Chapingo, México :
Nombre del de productor, editor, distribuidor, fabricante El autor,
Fecha de producción, publicación, distribución, fabricación o copyright 2010
300 ## - DESCRIPCIÓN FÍSICA
Extensión 85 hojas :
Otras características físicas ilustraciones, tablas, gráficas, fotografías +
Material acompañante/anejo 1 CD-ROM
336 ## - TIPO DE CONTENIDO
Fuente rdacontent
Término de tipo de contenido texto
Código de tipo de contenido txt
337 ## - TIPO DE MEDIO
Fuente rdamedia
Nombre/término del tipo de medio no mediado
Código del tipo de medio n
338 ## - TIPO DE SOPORTE
Fuente rdacarrier
Nombre/término del tipo de soporte volumen
Código del tipo de soporte nc
502 ## - NOTA DE TESIS
Nota de tesis Tesis
Tipo de título (Ingeniero Agroindustrial) --
Nombre de la institución que otorga el título UACh. Departamento de Ingeniería Agroindustrial,
Año de obtención del título 2010
504 ## - NOTA DE BIBLIOGRAFÍA, ETC.
Nota de bibliografía, etc. Bibliografía : hojas 61-64
520 3# - SUMARIO, ETC.
Sumario, etc. El presente trabajo, propuso un método de recuperación de la flora láctica nativa de la leche para su utilización en la elaboración de queso chapingo. Se dejó acidificar leche bronca a temperatura constante de 40 º C hasta que alcanzara una acidez mayor a los 50 º D, este fue el cultivo láctico. En una segunda vez a partir de leche pasteurizada se inoculó el cultivo láctico con el propósito de propagarlo y obtener un cultivo seleccionado, bajo las mismas condiciones que la primera vez; este fue el cultivo utilizado en el queso. Se agregó el 2 % del cultivo obtenido. Se evalúo la aceptación del queso mediante una escala hedónica verbal de siete puntos, así como la existencia de diferencias significativas entre los quesos, mediante un análisis de varianza. Se caracterizó física y químicamente el producto para conocer su composición aproximada. La metodología para la recuperación de la flora es sencilla y económica, además de eficaz, por lo que es, muy recomendable su aplicación por pequeños queseros. El queso de mejor evaluado tanto para aceptación, como para grado de maduración, fue el queso de 45 días de edad. Las características fisicoquímicas fueron las esperadas, como dicta la bibliografía. El queso inoculado con el cultivo obtenido, no presentó alteraciones en cuanto a sus características de flavor, es decir, fue muy similar a un queso inoculado con cultivos comerciales. Se recomienda la propagación de esta metodología principalmente a pequeñas factorías.
520 3# - SUMARIO, ETC.
Sumario, etc. The present work, he proposed a method of recovery of the lactic native flora of the milk for his utilization in the production of cheese chapingo. It was left to acidify rough milk to constant temperature of 40 º C until it was reaching acidity bigger than the 50 º D; this one was the lactic culture. In the second time from pasteurized milk the lactic culture inoculated with the intention of a selected culture spreading and obtaining it, under the same conditions that the first time; this one was the culture used in the cheese. One added 2 % of the obtained culture. I evaluate the acceptance of the cheese by means of a hedonic verbal scale of seven points, as well as the existence of significant differences between the cheeses, by means of an analysis of variance. Physics and chemically was characterized the product to know his approximate composition. The methodology for the recovery of the flora is simple and economic, besides effectively, for what it is, very advisable his application for small cheesemakers. The cheese of better evaluated so much for acceptance, since for degree of ripeness, was the cheese of 45 days of age. The physicochemical characteristics were the awaited ones, since it dictates the bibliography. The cheese inoculated with the obtained culture, he did not present alterations as for his characteristics of flavor, and that is to say, it was very similar to a cheese inoculated with commercial cultures. There is recommended the spread of this methodology principally to small factories.
650 13 - PUNTO DE ACCESO ADICIONAL DE MATERIA--TÉRMINO DE MATERIA
Término de materia o nombre geográfico como elemento de entrada Quesos
Fuente del encabezamiento o término atg
650 13 - PUNTO DE ACCESO ADICIONAL DE MATERIA--TÉRMINO DE MATERIA
Término de materia o nombre geográfico como elemento de entrada Fabricación de queso
Fuente del encabezamiento o término atg
650 13 - PUNTO DE ACCESO ADICIONAL DE MATERIA--TÉRMINO DE MATERIA
Término de materia o nombre geográfico como elemento de entrada Cheeses
Fuente del encabezamiento o término atg
650 13 - PUNTO DE ACCESO ADICIONAL DE MATERIA--TÉRMINO DE MATERIA
Término de materia o nombre geográfico como elemento de entrada Cheesemaking
Fuente del encabezamiento o término atg
700 1# - PUNTO DE ACCESO ADICIONAL--NOMBRE DE PERSONA
Nombre de persona Mejenes Quijano, Amilcar Renán
Término indicativo de función/relación director
700 1# - PUNTO DE ACCESO ADICIONAL--NOMBRE DE PERSONA
Nombre de persona Leyva Ruelas, Gabriel
Término indicativo de función/relación asesor
700 1# - PUNTO DE ACCESO ADICIONAL--NOMBRE DE PERSONA
Nombre de persona Esparza Torres, Félix
Término indicativo de función/relación asesor
856 41 - LOCALIZACIÓN Y ACCESO ELECTRÓNICOS
Identificador Uniforme del Recurso <a href="http://10.13.5.2/tesis/111170.pdf">http://10.13.5.2/tesis/111170.pdf</a>
Texto de enlace DESCARGAR PDF
901 ## - ELEMENTOS DE DATOS A LOCAL LDA (RLIN)
a TESIS O86 2010
942 ## - ELEMENTOS DE PUNTO DE ACCESO ADICIONAL (KOHA)
Tipo de ítem Koha TESIS
Fuente del sistema de clasificación o colocación Clasificación Universidad Autónoma Chapingo
902 ## - ELEMENTOS DE DATOS B LOCAL, LDB (RLIN)
a M
905 ## - ELEMENTOS DE DATOS E LOCAL, LDE (RLIN)
a 0000002010 MX A M 0000000000SPA00
Holdings
Estado de retiro Estado de pérdida Fuente del sistema de clasificación o colocación Estado dañado Restricciones de uso No para préstamo Código de colección Localización permanente Ubicación/localización actual Fecha de adquisición Fuente de adquisición Total de préstamos Signatura topográfica completa Código de barras Fecha visto por última vez Número de copia Tipo de ítem Koha Ubicación en estantería
    Clasificación Universidad Autónoma de Chapingo   Préstamo 5 días   Tesis Ingenieria Agroindustrial Ingenieria Agroindustrial 18/01/2022 El autor   Tesis O86 2010 1101013944 18/01/2022 Ej.3 CD  
    Clasificación Universidad Autónoma de Chapingo   Préstamo interno   Tesis Ingenieria Agroindustrial Ingenieria Agroindustrial 18/01/2022 El autor   Tesis O86 2010 1101011282 02/02/2026 Ej.1 Tesis  
    Clasificación Universidad Autónoma de Chapingo   Préstamo 5 días   Tesis Ingenieria Agroindustrial Ingenieria Agroindustrial 18/01/2022 El autor   Tesis O86 2010 1101013943 18/01/2022 Ej.2 CD  
    Clasificación Universidad Autónoma de Chapingo       Tesis digitales de Licenciatura Ingenieria Agroindustrial Ingenieria Agroindustrial 28/10/2024 El autor     1201011282 28/10/2024   Tesis digital En línea